000 01229nam0a2200289 4500
001 v19\rc\1261207
005 20260407175231.0
035 _a(NLR Aleph) 004415394
090 _a4063750
_c4063750
100 _a20060306d1893 |||y0rusy50 ca
101 0 _arus
102 _aRU
105 _ab z |||||
200 1 _aПлан направления линии
_eмасштаб 10 верст в 1 дюйме
_fПравл. о-ва Владикавказской ж. д. Ставропольская ветвь
210 _a[Санкт-Петербург]
_cТип. Ю.Н. Эрлих
_d[1893]
215 _a1 л. цв. карт.
_d35
601 0 2 _aСтавропольская железнодорожная ветвь
_jСхемы
_92426428
_3RU\NLR\AUTH\6601663023
686 3 _aО20я65
710 0 2 _aСтавропольская железнодорожная ветвь
_3RU\NLR\AUTH\8810113037
_9725689
712 0 2 _4570
_aВладикавказская железная дорога
_bПравление
_9678731
_3RU\NLR\AUTH\880509247
801 0 _aRU
_bNLR
_gpsbo
801 1 _aRU
_bProSoft-M
_2rusmarc
852 _aNLR
_j18.61.2.118
942 _cBOOK
980 _aNB